1554 1070 1633 1937 1669 1441 1059 1469 1352 1606 1470 1516 1673 1861 1207 1265 1566 1394 1980 1542 1158 1872 1290 1866 1021 1160 1362 1068 1572 1689 1523 1542 1288 1287 1266 1916 1812 1643 1128 1744 1981 1642 1581 1377 1639 1933 1019 1250 1410 1575 1366 1101 1278 1280 1253 1557 1929 1576 1910 1661 1018 1710 1067 1345 1498 1153 1410 1042 2000 1094 1347 1485 1851 1784 1013 1308 1038 1069 1979 1583 1334 1340 1992 1432 1706 1242 1178 1327 1788 1790 1555 1834 1116 1699 1318 1571 1018 1396 1294 BCNSPRNW ULIB Ver.6.0+V

เปลี่ยนเป็นภาษาไทย

Change to English
 แสดงรายละเอียดบรรณานุกรม
  กลับหน้าหลัก

Brief Record : Get Marc (ISO 2709) : E-mail record : QR code < ปิดหน้าต่าง
LEADER : 00000nam a2200000Ia 4500
001    13399114815
003     ULIB
008    970405s2539 th a 010 0 tha d
050  4 ^aDS578.32.S74^bสจ246
245 00 ^aสมเด็จพระศรีนครินทราบรมราชชนนี
260    ^aกรุงเทพฯ :^bอมรินทร์พริ้นติ้งแอนด์พับลิชชิ่ง,^c2539
300    ^a199 หน้า :^bภาพประกอบ ;^c25 ซม.
500    ^aพระบาทสมเด็จพระเจ้าอยู่หัวทรงพระกรุณาโปรดเกล้าฯ ให้พิมพ์พระราชทานเป็นพระราชานุสรณ์ในงานพระราชพิธีถวายพระเพลิงพระบรมศพ สมเด็จพระศรีนครินทราบรมราชชนนี ณ วันที่ 10 มีนาคม พุทธศักราช 2539
600 07 ^aศรีนครินทราบรมราชชนนี,^cสมเด็จพระ,^d2443-2538
945    ^p300^l0^i031804
995    ^aเกษร
999 ^a ใช้งานได้ทุกระบบ
รายการนี้ยังไม่มีแท็ก
คุณยังไม่ได้ล็อกอิน คุณสามารถมีกิจกรรมร่วมกับเว็บไซต์ได้ แต่ต้องล็อกอินก่อน ::
  ล็อกอิน

รายการสื่อสารสนเทศ

ลำดับที่ ประเภท เลขเรียก/บาร์โค้ด สถานที่ สถานะ
- ไม่พบข้อมูล -

รายการใกล้เคียง
    ชื่อเรื่อง [สมเด็จพระศรีนครินทราบรมราชชนนี]

BibComment


ยังไม่เคยถูกคอมเมนท์

คอมเมนท์ทรัพยากรรายการนี้
  คอมเมนท์: สมเด็จพระศรีนคริ..


 Copyright 2026. Bcnsprnw @Library